000 00788nam a22002177a 4500
003 OSt
005 20251104032903.0
008 251103b |||||||| |||| 00| 0 eng d
020 _a978-971-06-5963-2
040 _aDWCL - Main Lib
_cOC
082 _aRes. 899.211 B163p 2023
_24th
100 _aBaisa-Julian, Ailene G. [and three others]
245 _aPinagyamang Pluma 9 :
_bNapapanahong Kaalaman sa Wika at Panitikan /
_cAilene G. Baisa-Julian [and three others]
300 _axviii, 543 pages :
_billustrations ;
_c25cm.
504 _aIncludes bibliographical references and index.
650 _a1. Filipino - Study and Teaching
700 _aI. Mary Grace G. Del Rosario
700 _aII. Nestor S. Lontoc
700 _aIII. Alma M. Dayag
942 _2ddc
_cBK-0 CIRC
_mRes.
_n0
_e4th
999 _c5416
_d5416